000 00378nam a2200145Ia 4500
005 20251222154429.0
008 251222s9999||||xx |||||||||||||| ||spa||
020 _a8436224442
082 _a152.4/S21
100 _aSandin, Bonifacio
245 0 _aProcesos Emocionales y Salud
250 _a1ra.ed.
264 _bUniversidad Nacional de Educación a Distancia
942 _cLIB
999 _c36334
_d36334